Statistics for Most Common First Names in the United States - J

Click here to take the quiz!

General Stats

  • This quiz has been taken 1,122 times
  • The average score is 10 of 20

Answer Stats

RankName% Correct
2John
93%
1James
87%
6Jennifer
76%
28Jose
70%
26Jessica
67%
52Julie
63%
9Joseph
62%
51Joe
57%
24Jason
54%
62Joan
53%
38Joshua
51%
45Janet
45%
39Jerry
44%
58Jean
40%
52Juan
36%
30Jeffrey
33%
66Janice
29%
69Judy
27%
64Judith
21%
49Joyce
18%

Score Distribution

Percentile by Number Answered

Percent of People with Each Score

Your Score History

You have not taken this quiz